000 00404nam a2200121Ia 4500
008 231129s1966||||xx |||||||||||||| ||spa||
082 _aHAJ- 0488
100 _aGenovés Santiago
245 0 _aLa proporcionalidad entre los huesos largos y su relación con la estatura en restos mesoamericanos
260 _c1966
264 _aMéxico: Universidad Nacional Autónoma de México 1966
942 _2ddc
_cBKS
999 _c18011
_d18011